[Event "Moron Luis Bronstein Memorial 7th"]
[Site "Moron"]
[Date "2020.01.16"]
[Round "2.8"]
[White "Schafer, Marcelo"]
[Black "Serratto, Ricardo Adolfo"]
[Result "1-0"]
[WhiteElo "1914"]
[BlackElo "1789"]
[PlyCount "51"]
[EventDate "2020.01.14"]
[EventType "swiss"]
[EventRounds "6"]
[EventCountry "ARG"]
[SourceTitle "EXT 2024"]
[Source "ChessBase"]
[SourceDate "2023.10.10"]
[SourceVersion "1"]
[SourceVersionDate "2023.10.10"]
[SourceQuality "1"]

1. e4 e5 2. Nf3 Nc6 3. Bc4 Bc5 4. c3 Nf6 5. d3 h6 6. 0-0 0-0 7. Bb3 d6 8. h3 Be6 9. Bc2 Bb6 10. d4 Bc4 11. Re1 exd4 12. cxd4 Nb4 13. a3 Nxc2 14. Qxc2 Be6 15. Nc3 c6 16. Bf4 Nh5 17. Bh2 f5 18. d5 fxe4 19. dxe6 exf3 20. e7 Qd7 21. exf8Q+ Rxf8 22. g4 Nf6 23. Qg6 h5 24. gxh5 Qxh3 25. Qg3 Qxh5 26. Ne4 1-0

[Event "Buenos Aires Martin Sciorra 1st"]
[Site "Buenos Aires"]
[Date "2019.10.08"]
[Round "2.4"]
[White "Gerola, Pablo"]
[Black "Schafer, Marcelo"]
[Result "1-0"]
[WhiteElo "2103"]
[BlackElo "1937"]
[PlyCount "61"]
[EventDate "2019.10.03"]
[EventType "swiss"]
[EventRounds "6"]
[EventCountry "ARG"]
[SourceTitle "EXT 2024"]
[Source "ChessBase"]
[SourceDate "2023.10.10"]
[SourceVersion "1"]
[SourceVersionDate "2023.10.10"]
[SourceQuality "1"]

1. d4 Nf6 2. c4 e5 3. d5 Bc5 4. e3 d6 5. Nc3 a6 6. a3 Nbd7 7. b4 Ba7 8. Bb2 0-0 9. Qc2 Re8 10. h3 c5 11. Nf3 Qe7 12. e4 Nf8 13. b5 Ng6 14. a4 Qc7 15. g3 Bb6 16. Bg2 Ba5 17. 0-0 Bxc3 18. Bxc3 h6 19. Nd2 Nh7 20. f4 exf4 21. gxf4 Qe7 22. Qd3 Qh4 23. Qe3 axb5 24. cxb5 Nf6 25. Bxf6 Qxf6 26. Nc4 Nh4 27. e5 Qg6 28. Rf2 dxe5 29. fxe5 Qh5 30. Nb6 Nxg2 31. Rxg2 1-0

[Event "Buenos Aires Philidor CC op"]
[Site "Buenos Aires"]
[Date "2017.11.16"]
[Round "4"]
[White "Schafer, Marcelo"]
[Black "Uncal, Jose"]
[Result "1/2-1/2"]
[WhiteElo "1881"]
[BlackElo "2030"]
[PlyCount "40"]
[EventDate "2017.11.07"]
[EventType "swiss"]
[EventRounds "7"]
[EventCountry "ARG"]
[SourceTitle "CBM 181 Extra"]
[Source "ChessBase"]
[SourceDate "2017.12.12"]
[SourceVersion "1"]
[SourceVersionDate "2017.12.12"]
[SourceQuality "1"]

1. b4 e6 2. Bb2 Nf6 3. a3 c5 4. b5 d5 5. e3 Nbd7 6. c4 Be7 7. Nf3 0-0 8. Be2 Nb6 9. Ne5 dxc4 10. Nxc4 Nxc4 11. Bxc4 b6 12. 0-0 Bb7 13. d3 Bd5 14. Nd2 Qd7 15. d4 Bb7 16. Nf3 Qc7 17. Qe2 Nd7 18. Rad1 Bf6 19. Bc1 cxd4 20. Nxd4 Nc5 1/2-1/2

[Event "Moron Philidor CC U2200 15th"]
[Site "Buenos Aires"]
[Date "2017.09.21"]
[Round "6"]
[White "Valduc, Gustavo Marcelo"]
[Black "Schafer, Marcelo"]
[Result "1-0"]
[WhiteElo "1583"]
[BlackElo "1822"]
[PlyCount "53"]
[EventDate "2017.09.12"]
[EventType "swiss"]
[EventRounds "7"]
[EventCountry "ARG"]
[SourceTitle "CBM 180 Extra"]
[Source "ChessBase"]
[SourceDate "2017.10.06"]
[SourceVersion "1"]
[SourceVersionDate "2017.10.06"]
[SourceQuality "1"]

1. e4 c5 2. Nf3 g6 3. Nc3 Bg7 4. d4 cxd4 5. Nxd4 Nc6 6. Be3 Qa5 7. Qd2 Nf6 8. Nb3 Qd8 9. Be2 d6 10. h3 Bd7 11. Bb5 a6 12. Be2 b5 13. Rb1 0-0 14. Bd3 Ne5 15. Nd5 Nc4 16. Nxf6+ Bxf6 17. Bxc4 bxc4 18. Nd4 Rb8 19. c3 Qa5 20. 0-0 Qxa2 21. f4 Bxd4 22. Bxd4 Qb3 23. f5 Qb7 24. Qh6 f6 25. fxg6 hxg6 26. Qxg6+ Kh8 27. Rf4 1-0

[Event "Moron Philidor CC 13th"]
[Site "Moron"]
[Date "2017.05.20"]
[Round "7.12"]
[White "Schafer, Marcelo"]
[Black "Soto, Jose Andres"]
[Result "1/2-1/2"]
[WhiteElo "1816"]
[BlackElo "1728"]
[PlyCount "79"]
[EventDate "2017.05.09"]
[EventType "swiss"]
[EventRounds "7"]
[EventCountry "ARG"]
[SourceTitle "EXT 2024"]
[Source "ChessBase"]
[SourceDate "2023.10.10"]
[SourceVersion "1"]
[SourceVersionDate "2023.10.10"]
[SourceQuality "1"]

1. e4 e5 2. Nf3 Nc6 3. Bc4 Bc5 4. c3 d6 5. d3 Nf6 6. Bg5 a6 7. a3 Ba7 8. Nbd2 Qe7 9. h3 Be6 10. b4 Bxc4 11. Nxc4 h6 12. Be3 Bxe3 13. Nxe3 0-0 14. 0-0 g6 15. Re1 Qd7 16. Qb3 Nd8 17. Nh2 Ne6 18. Nhg4 Nxg4 19. Nxg4 Kg7 20. Rad1 h5 21. Ne3 Nf4 22. d4 Qe6 23. Qc2 exd4 24. cxd4 c6 25. d5 cxd5 26. Nxd5 Nxd5 27. Rxd5 Rac8 28. Qd3 Rc6 29. Rd1 Re8 30. f3 Rec8 31. Rxd6 Rxd6 32. Qxd6 Qxd6 33. Rxd6 Rc3 34. a4 Rc7 35. Kf2 h4 36. Rd5 Rc4 37. b5 Rxa4 38. bxa6 Rxa6 39. Rb5 Ra7 40. e5 1/2-1/2

[Event "Moron Philidor CC 13th"]
[Site "Moron"]
[Date "2017.05.16"]
[Round "5.15"]
[White "Schafer, Marcelo"]
[Black "Diaz, Adolfo"]
[Result "1-0"]
[WhiteElo "1816"]
[BlackElo "1386"]
[PlyCount "43"]
[EventDate "2017.05.09"]
[EventType "swiss"]
[EventRounds "7"]
[EventCountry "ARG"]
[SourceTitle "EXT 2024"]
[Source "ChessBase"]
[SourceDate "2023.10.10"]
[SourceVersion "1"]
[SourceVersionDate "2023.10.10"]
[SourceQuality "1"]

1. e4 e6 2. d4 d5 3. Nd2 c5 4. exd5 Qxd5 5. c4 Qd8 6. Nb3 Qb6 7. Nf3 Nd7 8. Be2 Be7 9. 0-0 Ngf6 10. Be3 Qc7 11. h3 b6 12. dxc5 bxc5 13. Qc2 Bb7 14. Nbd2 Bd6 15. Rfe1 Bxf3 16. Bxf3 Bh2+ 17. Kh1 Rb8 18. g3 Ne5 19. Bf4 Nxf3 20. Bxc7 Nxe1 21. Qa4+ Nd7 22. Rxe1 1-0

[Event "Moron Philidor CC 13th"]
[Site "Moron"]
[Date "2017.05.11"]
[Round "2.15"]
[White "Schafer, Marcelo"]
[Black "Arellano Becerra, Kleber Alberto"]
[Result "1-0"]
[WhiteElo "1816"]
[BlackElo "1484"]
[PlyCount "87"]
[EventDate "2017.05.09"]
[EventType "swiss"]
[EventRounds "7"]
[EventCountry "ARG"]
[SourceTitle "EXT 2024"]
[Source "ChessBase"]
[SourceDate "2023.10.10"]
[SourceVersion "1"]
[SourceVersionDate "2023.10.10"]
[SourceQuality "1"]

1. e4 c6 2. d4 d5 3. e5 Bf5 4. Nf3 h6 5. Be2 e6 6. Nbd2 Nd7 7. a3 Qb6 8. b4 Rc8 9. c4 dxc4 10. Nxc4 Qc7 11. 0-0 Nb6 12. Ne3 Be4 13. Nd2 Bd5 14. Bb2 Ne7 15. Rc1 Qd7 16. a4 Ng6 17. a5 Na8 18. Nxd5 Qxd5 19. Bc3 Nf4 20. Bf3 Qd8 21. Ne4 Nd5 22. Qd2 Nac7 23. Rfd1 Be7 24. Qb2 0-0 25. Bd2 f5 26. Nc5 Rb8 27. Qb3 Bg5 28. Bxg5 hxg5 29. h3 b6 30. axb6 axb6 31. Na4 b5 32. Nc5 Qe7 33. Ra1 Na8 34. Ra6 Rb6 35. Rda1 Rxa6 36. Rxa6 Nac7 37. Ra7 Ra8 38. Qa3 Rxa7 39. Qxa7 Kf7 40. g4 g6 41. Qb8 Kg7 42. Qxc7 Kf7 43. Qb6 Qe8 44. Qb7+ 1-0

[Event "Moron Philidor CC U2200"]
[Site "Moron"]
[Date "2016.09.22"]
[Round "6"]
[White "Doisenbant, Eduardo"]
[Black "Schafer, Marcelo"]
[Result "0-1"]
[WhiteElo "1492"]
[BlackElo "1822"]
[PlyCount "76"]
[EventDate "2016.09.13"]
[EventType "swiss"]
[EventRounds "7"]
[EventCountry "ARG"]
[SourceTitle "CBM 174 Extra"]
[Source "ChessBase"]
[SourceDate "2016.10.10"]
[SourceVersion "1"]
[SourceVersionDate "2016.10.10"]
[SourceQuality "1"]

1. d4 f5 2. c4 Nf6 3. Nc3 e6 4. e3 Be7 5. Nf3 d6 6. Bd3 b6 7. b3 Bb7 8. d5 exd5 9. cxd5 g6 10. Bc2 Nbd7 11. b4 c5 12. b5 Nh5 13. Bb2 Bf6 14. 0-0 0-0 15. Rb1 Re8 16. Qd2 Ne5 17. Nxe5 Bxe5 18. Ne2 Bxb2 19. Rxb2 Qf6 20. Bb1 Qf7 21. Nc3 Nf6 22. Rd1 Re5 23. a3 Kh8 24. Ba2 Ne4 25. Nxe4 Rxe4 26. Qc3+ Qg7 27. Qxg7+ Kxg7 28. Bb1 Re5 29. Rbd2 Rc8 30. Rd3 c4 31. Rd4 Rc5 32. Ba2 Rexd5 33. Rxd5 Rxd5 34. Rxd5 Bxd5 35. Bb1 c3 36. Kf1 Bb3 37. Ke2 c2 38. Bxc2 Bxc2 0-1

[Event "Buenos Aires Perez Cup"]
[Site "Buenos Aires"]
[Date "2016.05.19"]
[Round "6"]
[White "Schafer, Marcelo"]
[Black "Oyarzu, Eduardo"]
[Result "0-1"]
[WhiteElo "1913"]
[BlackElo "1865"]
[PlyCount "104"]
[EventDate "2016.05.10"]
[EventType "swiss"]
[EventRounds "7"]
[EventCountry "ARG"]
[SourceTitle "CBM 172 Extra"]
[Source "ChessBase"]
[SourceDate "2016.06.21"]
[SourceVersion "1"]
[SourceVersionDate "2016.06.21"]
[SourceQuality "1"]

1. e4 e6 2. d4 d5 3. exd5 exd5 4. c4 Bb4+ 5. Nc3 Nf6 6. Nf3 0-0 7. Bd3 dxc4 8. Bxc4 Bg4 9. Be3 Nbd7 10. h3 Bh5 11. Qb3 Qe7 12. a3 Bxc3+ 13. bxc3 Nb6 14. Ne5 Nxc4 15. Qxc4 c6 16. 0-0 Nd5 17. Bd2 f6 18. Nd3 Be2 19. Rfe1 Qe4 20. Nc5 Bxc4 21. Rxe4 b6 22. Nb7 Bd3 23. Re6 Ba6 24. Nd6 Nc7 25. Re7 Nd5 26. Re6 Nc7 27. Re3 Rad8 28. Nf5 Nd5 29. Rg3 g6 30. Re1 Rfe8 31. Ne3 Nxe3 32. Rgxe3 Rxe3 33. Rxe3 Kf7 34. f3 c5 35. Re4 Bd3 36. Rh4 g5 37. Rg4 h5 38. Rg3 h4 39. Rg4 Bf5 40. Be3 Bxg4 41. hxg4 cxd4 42. Bxd4 Rd5 43. Kf2 Ra5 44. g3 hxg3+ 45. Kxg3 Rxa3 46. f4 gxf4+ 47. Kxf4 Ra4 48. Kf5 Rxd4 49. cxd4 a5 50. d5 a4 51. d6 a3 52. d7 Ke7 0-1